Statistics for Chelsea Goalkeeper By Year

Click here to take the quiz!

General Stats

  • This quiz has been taken 547 times
    (241 since last reset)
  • The average score is 22 of 65

Answer Stats

SeasonGoalkeeper% Correct
2012-13Petr Čech
99%
2011-12Petr Čech
99%
2004-05Petr Čech
99%
2005-06Petr Čech
99%
2006-07Petr Čech
99%
2007-08Petr Čech
99%
2008-09Petr Čech
99%
2009-10Petr Čech
99%
2010-11Petr Čech
99%
2013-14Petr Čech
99%
2022-23Kepa Arrizabalaga
96%
2019-20Kepa Arrizabalaga
96%
2018-19Kepa Arrizabalaga
96%
2020-21Edouard Mendy
94%
2021-22Edouard Mendy
94%
2014-15Thibaut Courtois
84%
2015-16Thibaut Courtois
84%
2016-17Thibaut Courtois
84%
2017-18Thibaut Courtois
84%
2000-01Carlo Cudicini
34%
2001-02Carlo Cudicini
34%
2003-04Carlo Cudicini
34%
2002-03Carlo Cudicini
34%
1999-00Ed de Goey
22%
1998-99Ed de Goey
22%
1997-98Ed de Goey
22%
1966-67Peter Bonetti
11%
1970-71Peter Bonetti
11%
1977-78Peter Bonetti
11%
1978-79Peter Bonetti
11%
1969-70Peter Bonetti
11%
1968-69Peter Bonetti
11%
1967-68Peter Bonetti
11%
1972-73Peter Bonetti
11%
1965-66Peter Bonetti
11%
1964-65Peter Bonetti
11%
1963-64Peter Bonetti
11%
1961-62Peter Bonetti
11%
1960-61Peter Bonetti
11%
1971-72Peter Bonetti
11%
1993-94Dmitri Kharine
8%
1994-95Dmitri Kharine
8%
1995-96Dmitri Kharine
8%
1991-92Dave Beasant
6%
1989-90Dave Beasant
6%
1990-91Dave Beasant
6%
1984-85Eddie Niedzwiecki
4%
1985-86Eddie Niedzwiecki
4%
1996-97Frode Grodås
4%
1991-92Kevin Hitchcock
4%
1992-93Kevin Hitchcock
4%
1955-56Bill Robertson
2%
1951-52Bill Robertson
2%
1952-53Bill Robertson
2%
1953-54Bill Robertson
2%
1954-55Bill Robertson
2%
1973-74John Phillips
2%
1974-75John Phillips
2%
1957-58Reg Matthews
2%
1956-57Reg Matthews
2%
1958-59Reg Matthews
2%
1959-60Reg Matthews
2%
1986-87Tony Godden
2%
1950-51Harry Medhurst
1%
1987-88Roger Freestone
1%

Score Distribution

Percentile by Number Answered

Percent of People with Each Score

Your Score History

You have not taken this quiz since the last reset